[Event "POL-ch"]
[Site "Chorzow POL"]
[Date "2013.04.??"]
[Round "9"]
[White "Kempinski, Robert"]
[Black "Duda, Jan-Krzysztof"]
[Result "1/2-1/2"]
[WhiteElo "2599"]
[BlackElo "2497"]
[EventDate "2013.04.13"]
[PlyCount "88"]

1.d4 Nf6 2.c4 e6 3.Nf3 b6 4.g3 Ba6 5.Qb3 c5 6.d5 exd5 7.cxd5 b5 8.Bg2 d6 
9.O-O Be7 10.Re1 Nbd7 11.a3 O-O 12.Nc3 Rb8 13.h3 Re8 14.Qc2 Bb7 15.e4 a6 
16.Bf4 Bf8 17.Rad1 Ne5 18.Nxe5 dxe5 19.Be3 c4 20.a4 Bc8 21.axb5 axb5 22.
Rb1 Bd7 23.b4 cxb3 24.Qxb3 b4 25.Na4 Qa5 26.Nb2 Qa3 27.Qd1 Rec8 28.Bg5 Rc3
29.Qd2 Rbc8 30.Ra1 Qb3 31.Nd1 Rd3 32.Re3 Bb5 33.Qe1 Nd7 34.Bf1 Nc5 35.Rc1 
Rxe3 36.Nxe3 Bxf1 37.Qxf1 h6 38.Bxh6 gxh6 39.Qe2 Re8 40.Nf5 Nd7 41.Qg4+ 
Kh8 42.Qh5 Kg8 43.Qg4+ Kh8 44.Qh5 Kg8 1/2-1/2

[Event "POL-ch"]
[Site "Chorzow POL"]
[Date "2013.04.??"]
[Round "9"]
[White "Markowski, Tomasz"]
[Black "Grabarczyk, Miroslaw"]
[Result "1/2-1/2"]
[WhiteElo "2558"]
[BlackElo "2452"]
[EventDate "2013.04.13"]
[PlyCount "158"]

1.b3 d5 2.e3 Nf6 3.Bb2 Bg4 4.Be2 Bxe2 5.Qxe2 c6 6.Bxf6 gxf6 7.Nf3 e6 8.O-O
Nd7 9.c4 f5 10.Nc3 Bd6 11.Rab1 Qe7 12.cxd5 cxd5 13.Nb5 O-O 14.Nxd6 Qxd6 
15.Rfc1 Rfc8 16.Qd1 Qf8 17.h3 a6 18.Rxc8 Rxc8 19.Rc1 Rxc1 20.Qxc1 Qc5 21.
Qb2 h6 22.d3 Kh7 23.b4 Qc7 24.Qd4 Qc1+ 25.Kh2 Qc7+ 26.g3 a5 27.Kg2 axb4 
28.Qxb4 Nc5 29.Qc3 Qe7 30.Ne5 Kg8 31.h4 b6 32.d4 Ne4 33.Qc6 Qa7 34.a4 Kg7 
35.Qd7 Qxd7 36.Nxd7 Nd2 37.Nxb6 Nb3 38.Nd7 Na5 39.Kf3 f6 40.Ke2 Kf7 41.Kd3
Ke7 42.Nc5 Kd6 43.Kc3 Nc6 44.Nb3 e5 45.Nc5 h5 46.Nd3 Ke6 47.f4 e4 48.Nc5+ 
Kd6 49.Nb3 Kd7 50.a5 Kc7 51.a6 Kb6 52.Nc5 Nb8 53.Ne6 Nxa6 54.Ng7 Nc7 55.
Nxf5 Kc6 56.Ng7 f5 57.Kb4 Na6+ 58.Kc3 Nc7 59.Nxf5 Ne8 60.Ne7+ Kd6 61.Ng6 
Ng7 62.Ne5 Nf5 63.Kd2 Ke6 64.g4 hxg4 65.Nxg4 Nxh4 66.Nh6 Kf6 67.Ke2 Kg6 
68.Ng4 Nf5 69.Kf2 Kf7 70.Nh2 Kg6 71.Nf1 Nh6 72.Ke2 Kf6 73.Nh2 Nf5 74.Kd2 
Ke6 75.Ng4 Nd6 76.Kc3 Nc4 77.Kb4 Kf5 78.Nh6+ Kg6 79.Ng4 Kf5 1/2-1/2

[Event "POL-ch"]
[Site "Chorzow POL"]
[Date "2013.04.??"]
[Round "9"]
[White "Macieja, Bartlomiej"]
[Black "Bulski, Krzysztof"]
[Result "1-0"]
[WhiteElo "2608"]
[BlackElo "2549"]
[EventDate "2013.04.13"]
[PlyCount "43"]

1.e4 e5 2.Nf3 Nc6 3.Bb5 a6 4.Ba4 Nf6 5.d3 b5 6.Bb3 Be7 7.O-O O-O 8.Re1 d5 
9.exd5 Nxd5 10.Nxe5 Nd4 11.Nc3 Nf6 12.Be3 Bb7 13.Nxf7 Rxf7 14.Bxd4 Nd5 15.
Qh5 c6 16.Nxd5 cxd5 17.Re3 g6 18.Qg4 Bg5 19.Rf3 Rxf3 20.Qxf3 a5 21.a3 Qd6 
22.Re1 1-0

[Event "POL-ch"]
[Site "Chorzow POL"]
[Date "2013.04.??"]
[Round "9"]
[White "Tomczak, Jacek"]
[Black "Jaracz, Pawel"]
[Result "1-0"]
[WhiteElo "2564"]
[BlackElo "2548"]
[EventDate "2013.04.13"]
[PlyCount "77"]

1.e4 c5 2.Nf3 e6 3.d4 cxd4 4.Nxd4 a6 5.Bd3 Bc5 6.Nb3 Be7 7.Qg4 g6 8.Qe2 d6
9.O-O Nd7 10.a4 Ne5 11.Na3 Bd7 12.Nc4 Nxc4 13.Bxc4 Rc8 14.Nd4 Qc7 15.b3 e5
16.Nf3 h6 17.Ne1 g5 18.Bd3 Qc3 19.Rb1 Nf6 20.Bb2 Qc6 21.c4 Bd8 22.Nc2 a5 
23.c5 Qxc5 24.Ba3 Qb6 25.Ne3 Be7 26.Bb5 Bxb5 27.axb5 Qd4 28.Rbc1 Rxc1 29.
Rxc1 Kd7 30.Rd1 Qxe4 31.f3 Qh7 32.Nc4 Ke8 33.Bxd6 Qf5 34.Qb2 Qe6 35.Qa3 b6
36.Nxb6 g4 37.Qc5 Bd8 38.Qc6+ Nd7 39.Nxd7 1-0

[Event "POL-ch"]
[Site "Chorzow POL"]
[Date "2013.04.??"]
[Round "9"]
[White "Tazbir, Marcin"]
[Black "Szelag, Marcin"]
[Result "1-0"]
[WhiteElo "2555"]
[BlackElo "2484"]
[EventDate "2013.04.13"]
[PlyCount "71"]

1.d4 Nf6 2.c4 g6 3.Nc3 Bg7 4.e4 d6 5.Be2 O-O 6.Bg5 c5 7.d5 h6 8.Bf4 e6 9.
dxe6 Bxe6 10.Qd2 Qb6 11.Nf3 Nc6 12.O-O Rfe8 13.Rfe1 Nd4 14.Rad1 Nxe2+ 15.
Qxe2 Qb4 16.Bxd6 Bxc4 17.Qc2 Re6 18.Be5 Rae8 19.b3 Ba6 20.Bxf6 Bxf6 21.Nd5
Qa5 22.Nf4 R6e7 23.Nd5 Re6 24.Nf4 R6e7 25.e5 Bxe5 26.Nxg6 Bxh2+ 27.Kxh2 
Rxe1 28.Nxe1 Rxe1 29.Qb2 Kh7 30.Nf8+ Kg8 31.Ng6 Kh7 32.Rd6 Re8 33.Qf6 Qc7 
34.g3 Bd3 35.Nf4 Be4 36.Nh5 1-0

[Event "POL-ch"]
[Site "Chorzow POL"]
[Date "2013.04.??"]
[Round "9"]
[White "Pakleza, Zbigniew"]
[Black "Piorun, Kacper"]
[Result "0-1"]
[WhiteElo "2486"]
[BlackElo "2529"]
[EventDate "2013.04.13"]
[PlyCount "78"]

1.d4 Nf6 2.Nf3 e6 3.Bf4 c5 4.e3 cxd4 5.exd4 Be7 6.c3 b6 7.Nbd2 O-O 8.h3 
Bb7 9.Bd3 d6 10.O-O Nbd7 11.Re1 Qc7 12.Bg3 Rfe8 13.Nf1 Bf8 14.Ne3 Bc6 15.
c4 Qb7 16.Rc1 Rac8 17.Be2 d5 18.cxd5 Nxd5 19.Nc4 Red8 20.Qb3 N7f6 21.Nfe5 
Be8 22.Red1 Be7 23.Qf3 b5 24.Ne3 Rxc1 25.Rxc1 Qb6 26.Rd1 Nb4 27.a4 a6 28.
axb5 axb5 29.Qf4 h6 30.N3g4 Nfd5 31.Nxh6+ gxh6 32.Qxh6 Bf8 33.Qh5 Bg7 34.
Ng4 f6 35.Qh4 Qb7 36.Bf3 Qd7 37.Re1 Kf8 38.Qh7 f5 39.Nh6 Nf6 0-1

[Event "POL-ch"]
[Site "Chorzow POL"]
[Date "2013.04.??"]
[Round "9"]
[White "Drozdowski, Kacper"]
[Black "Czakon, Jakub"]
[Result "1-0"]
[WhiteElo "2432"]
[BlackElo "2485"]
[EventDate "2013.04.13"]
[PlyCount "117"]

1.e4 e5 2.Nf3 Nc6 3.d4 exd4 4.Bc4 Nf6 5.e5 d5 6.Bb5 Ne4 7.Nxd4 Bd7 8.Bxc6 
Bxc6 9.O-O Bd7 10.f3 Nc5 11.Be3 Na4 12.b3 Nb6 13.Bf2 c5 14.Ne2 Be7 15.Nbc3
Be6 16.Nf4 O-O 17.Qd3 d4 18.Nce2 Qd7 19.Ng3 Nd5 20.Nxd5 Qxd5 21.f4 f5 22.
exf6 Rxf6 23.Be1 Raf8 24.Bd2 b6 25.Rae1 Bd6 26.Qe4 Bc7 27.c3 Qd7 28.cxd4 
cxd4 29.Bb4 Bd5 30.Qe7 Rd8 31.Qxd7 Rxd7 32.Re8+ Kf7 33.Rf8+ Kg6 34.f5+ Kg5
35.Bd2+ Kg4 36.Rh8 g5 37.Ne2 d3 38.Nc3 Bc6 39.Rg8 h6 40.Re8 Rd4 41.Re3 Rf4
42.Rg3+ Kxf5 43.Bxf4 gxf4 44.Rxd3 Rg6 45.Rf2 Bd6 46.Kf1 Bc5 47.Rfd2 Be3 
48.Rc2 Bb7 49.b4 Rc6 50.Rb2 Rc8 51.g3 Be4 52.Nxe4 Kxe4 53.Rd1 f3 54.Re1 
Kd4 55.Rb3 Re8 56.b5 f2 57.Re2 h5 58.h3 Re5 59.g4 1-0

[Event "POL-ch"]
[Site "Chorzow POL"]
[Date "2013.04.??"]
[Round "9"]
[White "Licznerski, Lukasz"]
[Black "Gajek, Radoslaw"]
[Result "1/2-1/2"]
[WhiteElo "2338"]
[BlackElo "2303"]
[EventDate "2013.04.13"]
[PlyCount "126"]

1.c4 c5 2.Nc3 Nf6 3.g3 d5 4.cxd5 Nxd5 5.Bg2 Nc7 6.d3 Nc6 7.Bxc6+ bxc6 8.
Nf3 f6 9.Qa4 Bd7 10.Be3 e5 11.Ne4 Ne6 12.Rc1 Qb6 13.Nfd2 Be7 14.Nc4 Qb4+ 
15.Qxb4 cxb4 16.Na5 Kf7 17.Bc5 Nxc5 18.Nxc5 Be8 19.Na6 Rc8 20.Kd2 c5 21.
Nxb4 Rb8 22.Nbc6 Rxb2+ 23.Rc2 Rxc2+ 24.Kxc2 Bxc6 25.Nxc6 Rc8 26.Nxe7 Kxe7 
27.Rb1 Rc7 28.Kc3 Ke6 29.Kc4 Rc6 30.a4 Ra6 31.Ra1 Ra5 32.e3 Kd6 33.f4 g6 
34.fxe5+ Kxe5 35.Kb3 Kd5 36.g4 Ra6 37.Kc3 f5 38.gxf5 gxf5 39.Rf1 Ke5 40.
Rf4 Rh6 41.h4 Rg6 42.Rc4 Kd5 43.Rf4 Ke5 44.Rc4 Kd5 45.e4+ fxe4 46.Rxe4 h5 
47.Re7 Rg4 48.Rxa7 Rxh4 49.a5 Kc6 50.Rf7 Kb5 51.Rf5 Rh1 52.d4 Kxa5 53.
Rxc5+ Kb6 54.Kd3 h4 55.Ke4 h3 56.Kd5 h2 57.Rc2 Kb7 58.Rg2 Kb6 59.Rg6+ Kb5 
60.Rh6 Ka5 61.Rh4 Kb5 62.Kd6 Rd1 63.Rxh2 Rxd4+ 1/2-1/2

[Event "POL-ch"]
[Site "Chorzow POL"]
[Date "2013.04.??"]
[Round "10"]
[White "Socko, Bartosz"]
[Black "Gajewski, Grzegorz"]
[Result "1-0"]
[WhiteElo "2651"]
[BlackElo "2653"]
[EventDate "2013.04.13"]
[PlyCount "153"]

1.c4 Nf6 2.Nc3 e6 3.e4 d5 4.cxd5 exd5 5.e5 Ne4 6.Nf3 Nc6 7.Bb5 Bc5 8.d4 
Bb6 9.Be3 O-O 10.O-O Bg4 11.Be2 f6 12.exf6 Nxf6 13.h3 Bh5 14.Rc1 Qd6 15.
Na4 Rae8 16.Nc5 Nd8 17.Re1 Rxe3 18.fxe3 Bxf3 19.Bxf3 c6 20.e4 dxe4 21.Nxe4
Qxd4+ 22.Kh1 Qxb2 23.Rc2 Qe5 24.Qd6 Nf7 25.Nxf6+ gxf6 26.Rxe5 Nxd6 27.Re1 
Nf5 28.g4 Nd4 29.Rf2 Bc7 30.Kg2 Be5 31.Be4 h6 32.h4 Kg7 33.Bb1 c5 34.g5 
hxg5 35.hxg5 Rh8 36.gxf6+ Bxf6 37.Rf4 Rh4 38.Kg3 Rxf4 39.Kxf4 c4 40.Ke4 c3
41.Rc1 Nc6 42.Kd5 Kf7 43.a3 Ke7 44.Be4 Kd7 45.Rf1 Be7 46.a4 c2 47.Kc4 Nb4 
48.Kb3 Bg5 49.Bxc2 Nxc2 50.Kxc2 Bd8 51.Kb3 Kc6 52.Rc1+ Kd7 53.Kb4 Bc7 54.
Kc5 Bd6+ 55.Kd5 Bc7 56.Rh1 a6 57.Rh7+ Kc8 58.Rh8+ Kd7 59.Kc5 Be5 60.Rh5 
Bc7 61.Rh8 Be5 62.Rg8 Kc7 63.Rg6 Kb8 64.Rg5 Bf4 65.Rf5 Bc7 66.Rf7 Ba5 67.
Kd6 b5 68.Rf5 Kb7 69.axb5 axb5 70.Rxb5+ Bb6 71.Rb1 Ka7 72.Kc6 Bd4 73.Rb7+ 
Ka8 74.Rb4 Ba7 75.Kc7 Bc5 76.Rb8+ Ka7 77.Rb5 1-0